Classifica Serie B 2023-2024 - Statistics

Statistiche generali
  • Questo quiz è stato fatto 47 volte
  • Il punteggio medio è 15 su 20
Statistiche sulle risposte
Squadra Punti Vinte Pareggiate Perse Gol fatti Gol subiti % Corretto
Parma 76 21 13 4 66 35
100%
Venezia 70 21 7 10 69 46
97%
Como 73 21 10 7 58 40
89%
Palermo 56 15 11 12 62 53
89%
Sampdoria 55 16 9 13 53 50
89%
Bari 41 8 17 13 38 49
83%
Catanzaro 60 17 9 12 59 50
78%
Cosenza 47 11 14 13 47 42
75%
Spezia 44 9 17 12 36 49
75%
Lecco 26 6 8 24 35 74
72%
Ternana 43 11 10 17 43 50
72%
Ascoli 41 9 14 15 38 42
69%
Brescia 51 12 15 11 44 40
69%
Cremonese 67 19 10 9 50 32
69%
Modena 47 10 17 11 41 47
67%
Reggiana 47 10 17 11 38 45
67%
Feralpisalò 33 8 9 21 44 65
64%
Pisa 46 11 13 14 51 54
64%
Südtirol 47 12 11 15 46 48
58%
Cittadella 46 11 13 14 40 47
53%
Nessun quiz corrispondente trovato
Distribuzione punteggi
Percentuale di utenti per punteggio
Percentile per numero di risposta
I tuoi punteggi nel tempo
Non hai fatto questo quiz